<?xml version="1.0" encoding="UTF-8"?>
<collection xmlns="http://www.loc.gov/MARC21/slim">
 <record>
  <leader>     na                 </leader>
  <controlfield tag="001">INLIS000000000695574</controlfield>
  <controlfield tag="005">20230714084902</controlfield>
  <datafield tag="035" ind1=" " ind2=" ">
   <subfield code="a">0010-0723000058</subfield>
  </datafield>
  <controlfield tag="007">ta</controlfield>
  <controlfield tag="008">230714                g          0 ind  </controlfield>
  <datafield tag="040" ind1=" " ind2=" ">
   <subfield code="a">JIPUBAY</subfield>
  </datafield>
  <datafield tag="100" ind1="0" ind2=" ">
   <subfield code="a">Jasa Ungguh Muliawan</subfield>
  </datafield>
  <datafield tag="245" ind1="1" ind2=" ">
   <subfield code="a">Pedoman praktis menangani anak bermasalah /</subfield>
   <subfield code="c">Jasa Ungguh Muliawan; editor, Turiyanto</subfield>
  </datafield>
  <datafield tag="250" ind1=" " ind2=" ">
   <subfield code="a">Cet. 1</subfield>
  </datafield>
  <datafield tag="300" ind1=" " ind2=" ">
   <subfield code="a">xii, 192 hlm ;</subfield>
   <subfield code="c">23 cm</subfield>
  </datafield>
  <datafield tag="020" ind1=" " ind2=" ">
   <subfield code="a">978-623-7498-87-2</subfield>
  </datafield>
  <datafield tag="082" ind1=" " ind2=" ">
   <subfield code="a">155.4</subfield>
  </datafield>
  <datafield tag="084" ind1=" " ind2=" ">
   <subfield code="a">155.4 JAS p</subfield>
  </datafield>
  <datafield tag="260" ind1=" " ind2=" ">
   <subfield code="a">Yogyakarta :</subfield>
   <subfield code="b">Gava Media,</subfield>
   <subfield code="c">2021</subfield>
  </datafield>
  <datafield tag="504" ind1=" " ind2=" ">
   <subfield code="a">Bibliografi : halaman 189-190</subfield>
  </datafield>
  <datafield tag="520" ind1=" " ind2=" ">
   <subfield code="a">Buku ini membahas tentang apa yang harus disiapkan untuk menunjang kesehatan anak baik dari segi gizi dan nutrisinya, apa yang harus dilakukan pada anak sejak ia baru lahir sampai menjelang usia sekolah. Terutama berhubungan dengan vaksin dan imunisasi yang wajib diberikan pada anak usia dini. Saat ini &quot;mungkin vaksin dianggap penting bagi orang dewasa untuk mencegah COVID-19, tetapi harus diingat bagi anak terutama balita ada yang jauh lebih penting, yaitu vaksin imunisasi untuk penyakit lain yang tidak kalah berbahayanya bagi balito seperti DPT, BCG, Polio, Compak, Hepatitis B, dan seterusnya. Dalam buku ini juga dibahas tentang apa dan bagaimana yang disebut anak sehat dan cerdas, penyakit apa saja yang umum diderita anak dan bagaimana penanganan pertama yang harus dilakukan. Dari segi psikologis ditampilkan masalah-masalah umum yang terjadi pada anak seperti mudah menangis, menyendiri, berbohong, murung, iri dan cemburu, suka mencuri, suka memukul dan bagaimana penanganannya. Dalam hal belajar, masalah apa saja yang biasa muncul, apo sebabnya dan bagaimana menanganinya. Dan pada bagian terakhir disajikan penjelasan tentang proses pembentukan keyakinan spiritual dalam diri anak serta masalah- masalah apa yang sering muncul.</subfield>
  </datafield>
  <datafield tag="650" ind1=" " ind2="4">
   <subfield code="a">Psikologi anak</subfield>
  </datafield>
  <datafield tag="650" ind1=" " ind2="4">
   <subfield code="a">Perilaku</subfield>
  </datafield>
  <datafield tag="700" ind1="0" ind2=" ">
   <subfield code="a">Turiyanto</subfield>
  </datafield>
  <datafield tag="850" ind1=" " ind2=" ">
   <subfield code="a">JIPUBAY</subfield>
  </datafield>
  <datafield tag="990" ind1=" " ind2=" ">
   <subfield code="a">510203/DPKBWI/2022</subfield>
  </datafield>
  <datafield tag="990" ind1=" " ind2=" ">
   <subfield code="a">510204/DPKBWI/2022</subfield>
  </datafield>
  <datafield tag="990" ind1=" " ind2=" ">
   <subfield code="a">510205/DPKBWI/2022</subfield>
  </datafield>
 </record>
</collection>
